| 000 | 00613nam a22001697a 4500 | ||
|---|---|---|---|
| 005 | 20241119155424.0 | ||
| 008 | 241119b ||||| |||| 00| 0 eng d | ||
| 040 | _cAL | ||
| 041 | _aEnglish | ||
| 082 |
_223 _a891.463 _bKONK |
||
| 100 |
_aKonkani Natak Sabha _9185796 |
||
| 245 |
_aKonkani Natak Sabha :Golden Jubilee Souvenir _bಕೊಂಕ್ಣಿ ನಾಟಕ್ ಸಭಾ: ಭಾಂಗರೋತ್ಸವಾಚೆ ಸ್ಮಾರಕ್ ಪುಸ್ತಕ್ |
||
| 260 |
_aMangalore _bKonkani natak sabha |
||
| 300 |
_a131 p. _bPB _c24x18 cm. |
||
| 650 |
_agolden jubilee souvenir _9185751 |
||
| 942 |
_2ddc _cBK |
||
| 999 |
_c231941 _d231941 |
||